Tipos comunes / Fundición Tipográfica Neufville, S. A.
Descripción Física:
[17] p. : il. ; 27 cm
MARC
| LEADER | 00000nam a2200000Ia 4500 | ||
|---|---|---|---|
| 001 | 14798 | ||
| 008 | 160829s9999 xx 000 0 cat d | ||
| 080 | |a FU-30-41 | ||
| 110 | 2 | |a Neufville (Firma) |9 55776 | |
| 245 | |a Tipos comunes / Fundición Tipográfica Neufville, S. A. | ||
| 260 | |a S.l.: |b [la Fundición], [19-- ?] | ||
| 300 | |a [17] p. : |b il. ; |c 27 cm | ||
| 610 | 2 | 0 | |a Neufville (Firma) |v Catàlegs |9 55777 |
| 650 | |a Tipus d'impremta |x Catàlegs |9 24273 | ||
| 650 | |a Composició tipogràfica |9 38867 | ||
| 901 | |a Arxiu | ||
| 942 | |n 1 | ||
| 952 | |0 0 |1 0 |4 0 |6 FU3041 |7 1 |9 48596 |a Arxiu |b Arxiu |d 2016-12-01 |l 0 |o FU-30-41 |p 14798 |r 2016-12-01 00:00:00 |w 2016-12-01 |y ARXIU | ||
| 999 | |c 52426 |d 52426 | ||